000 03946nam a22003137a 4500
001 9291
003 FISKH
005 20251209104605.0
008 251209b cb ||||| |||| 00| 0 eng d
020 _a9789996301773
040 _aFISKH
_bkhr
_cFISKH
_dFISKH
050 _aPZ7
082 _a398.2
100 _aSopy , Vichay
245 _aពលឯក :
_bPol Ek /
_cនិពន្ធដោយ លោក វិឆ័យ សុភី , ត្រួតពិនិត្យអក្ខរាវិរុទ្ធ អ្នកស្រី គឹមស៊ុន សុធារី ,​ លោក ធី ចាន់ថន , អ្នកនាង វ៉ាត ចរិយា និង កញ្ញា វុិច វឌ្ឍនា​
260 _aភ្នំពេញ :
_bReading Books ,
_c2012 .
300 _a24 pages :
_bcolor illustrations ;
_c25 cm.
490 _aពិភពរឿងនិទាន
505 _aN
520 _aមានប្តីប្រពន្ធរពីរនាក់មានកូន២ នាក់ឈ្មោះពលឯក និងអនុជា ។​ ថ្ងៃមួយឪពុកម្តាយក៏បានស្តីបន្ទោសពលឯក ហើយគេក៏បានចាកចេញពីផ្ទះហើយអនុជាក៏មកតាមបងប្រុសទោះឪពុកម្តាយឃាត់យ៉ាងណាក៏មិនស្តាប់ ។ នៅតាមផ្លូវពួកគេក៏បានជួបនឹងយក្ស យក្សចាញ់កលពួកគេក៏នាំពួកគេទៅនគរហើយក៏ផ្តល់វត្ថុទិព្វ៤ដល់អ្នកទាំង២ហើយសន្យាលើកកូនស្រីអោយរៀបការជាមួយពលឯក ។ ក្រោយមកពលឯកក៏បានចាកចេញពីនគរយក្សដោយយកវត្ថុទិព្វ២មកជាមួយ ។ អនុជាមានវត្ថុទិព្វ២នៅជាប់ខ្លួន ។ ចំណេរក្រោយមកពួកគេក៏មានមហេសីនិងឡើងសោយរាជ្យរៀងខ្លួន​ ហើយក៏លើកទ័ពមកច្បាំងគ្នា ។​ ក្រោយបានដឹងការពិតពួកគេក៏ចងសម្ពន្ធ័មិត្តនឹងគ្នា​ហើយបានទៅទទួលយកបុត្រីយក្សមកធ្វើជាមហេសីម្នាក់ទៀត ។ ហើយក៏បានស្វែងរកឪពុកម្តាយពួកគេមកនៅជាមួយផងដែរ ។
520 _aThere was a husband and wife who had two children named Pol Ek and Anouchea. One day, the parents scolded Pol Ek, and he left home; Anouchea followed his brother even though their parents tried to stop him. Along the way, they encountered a giant. The giant, unable to defeat their cleverness, took them to his kingdom and gave the two brothers four magical objects, promising to give his daughter in marriage to Pol Ek . Later, Pol Ek left the kingdom of the giant, taking two of the magical objects with him. Anouchea kept the other two magical objects. Eventually, they each became kings with their own queens, and they raised armies to wage war against each other. After learning the truth, they reconciled and formed a bond of friendship. They then went to receive the giant’s daughter to make her another queen. They also searched for their parents and brought them to live with them.
521 8 _a550
_bLexile estimate
521 8 _aN
_bRaz-Plus
650 _aពលឯក
_vរឿងនិទានកុមារ
650 _aPol Ek
_vChildren's Stories
700 _aSan , Thai
_eIllustrator
942 _2ddc
_cKHB
_n0
999 _c9291
_d9291